| 000 | 00615nam a2200217Ia 4500 | ||
|---|---|---|---|
| 003 | GCL | ||
| 008 | 140319s9999 xx 000 0 eng d | ||
| 040 |
_aGCL / _cGCL |
||
| 082 | 0 | 4 |
_a701.17 _bN A |
| 100 | 1 | _aNALBANTIAN, SUZANNE | |
| 245 | 1 | 0 |
_aAESTHETIC AUTOBIOGRAPHY: FROM LIFE TO ART IN MARCEL PROUST JAMES JOYCE VIRGIRGINIA WOOLF AND ANAIS NIN / _cNALBANTIAN, SUZANNE |
| 260 |
_a[S.N] : _bMACMILLAN ، _c1994 |
||
| 300 | _a223 P | ||
| 650 | 0 | 4 | _aPROUST, HARCEL |
| 650 | 0 | 4 | _aARTS |
| 650 | 0 | 4 | _aBIOGRAPHY |
| 650 | 0 | 4 | _aAESTHETICS |
| 650 | 0 | 4 | _aJOYCE, VIRGINIA |
| 650 | 0 | 4 | _aNIN, ANAIS |
| 942 |
_2ddc _cBK |
||
| 999 |
_c25156 _d25156 |
||